000 01222nam a22002777a 4500
003 NALT
005 20251125233045.0
008 s2552 th tha d
020 _a9789742887063
040 _aNALT
041 _atha
090 _aKD 52
_bบ153ห 2552
100 0 _aบรรเจิด สิงคะเนติ
_912040
245 1 0 _aหลักพื้นฐานเกี่ยวกับสิทธิเสรีภาพและศักดิ์ศรีความเป็นมนุษย์ /
_cบรรเจิด สิงคะเนติ
250 _aพิมพ์ครั้งที่ 3
260 _aกรุงเทพฯ :
_bวิญญูชน,
_c2552
300 _a336 หน้า ;
_c26 ซม.
650 4 _aความเสมอภาค
_912641
650 4 _aเสรีภาพ
_913046
650 4 _aสิทธิ
_913045
650 4 _aศักดิ์ศรีความเป็นมนุษย์
_912742
850 _aNALT
856 4 0 _uhttps://hdl.handle.net/20.500.14156/500673
_71
942 _cLB
_2local
998 _bภัลลิกา บุษมงคล
_c103
_j8
_k บัณฑิต อุทาวงค์
999 _c58610
_d58610